M.R. Pai: (Record no. 16868)

MARC details
000 -LEADER
fixed length control field 00831nam a2200241 a 4500
005 - DATE AND TIME OF LATEST TRANSACTION
control field 20070119085348.0
008 - FIXED-LENGTH DATA ELEMENTS--GENERAL INFORMATION
fixed length control field 060831s2006 ii b 000 0 eng
010 ## - LCCN (DPL NO)
LC control number ENG-91362
020 ## - INTERNATIONAL STANDARD BOOK NUMBER
Terms of availability 100.00
035 ## - SYSTEM CONTROL NUMBER
System control number EN-74895
037 ## - SOURCE OF ACQUISITION
Source of stock number/acquisition DBAD / PUB
040 ## - CATALOGING SOURCE
Original cataloging agency dpl
Language of cataloging English
082 ## - DEWEY DECIMAL CLASSIFICATION NUMBER
Classification number 921
100 ## - MAIN ENTRY--PERSONAL NAME
Personal name Raju, S.V.
245 ## - TITLE STATEMENT
Title M.R. Pai:
Statement of responsibility, etc by S.V. Raju
Remainder of title the story of an uncommon common man /
260 ## - PUBLICATION, DISTRIBUTION, ETC. (IMPRINT)
Place of publication, distribution, etc Mumbai
Name of publisher, distributor, etc Strand Book Stall
Date of publication, distribution, etc 2008
300 ## - PHYSICAL DESCRIPTION
Extent xii, 185p.:
Dimensions 22cm (pbk)
Other physical details col. photos
500 ## - GENERAL NOTE
General note Includes appendix
520 ## - SUMMARY, ETC.
Summary, etc History of Kashmiri Pandits and Kashmir, India.
600 ## - SUBJECT ADDED ENTRY--PERSONAL NAME
Personal name Pai, M.R.
General subdivision Biography
942 ## - ADDED ENTRY ELEMENTS (KOHA)
Source of classification or shelving scheme Dewey Decimal Classification
Item type English Books
Call number suffix PAI
Classification part 921
Holdings
Withdrawn status Lost status Source of classification or shelving scheme Damaged status Not for loan Collection code Home library Current library Date acquired Source of acquisition Cost, normal purchase price Total Checkouts Full call number Barcode Date last seen Copy number Cost, replacement price Koha item type
    Dewey Decimal Classification   Not For Loan Non-fiction D.B.Act.Division D.B.Act.Division 17/10/2008 DBAD / PUB 100.00   921 PAI EN-74895 17/10/2008 1 100.00 English Books

© Delhi Public Library
Hit Counter
free hit counter